000 00240nam a2200097Ia 4500
008 240331s9999 xx 000 0 und d
082 _bWOM
100 _aWomen's Federation . ed
245 0 _aWomen in the German Democratic Republic
942 _cL
999 _c1858
_d1858